000 00745cab a2200229 4500
001 WB2801-45
008 090401t1991 xxu||||| |||| 00| 0 eng d
035 _a(Sirsi) u51923
041 _aeng
245 _aDisposal of school playing fields
260 _c1991
350 _a0
490 _aDES Press Release
_v(437/91) 19 December 1991 (3)
520 _aThe Minister for Sport is consulting interested parties over the disposal of playing fields, outlining government policy and stressing safeguards against excessive redevelopment.
650 _aPLANNING POLICY GUIDANCE NOTE 17
650 _aRECREATION
650 _aSCHOOLS
650 _aSPORTS GROUNDS
690 _aLEISURE AND RECREATION
942 _n0
948 _c04/03/1997
999 _c32213
_d32213